000 01568nam0a22003371 4500
001 rc\2994180
005 20260406085844.0
035 _a(NLR Aleph) 007138009
090 _a7026652
_c7026652
100 _a20110916d1941 u y0rusy50 ca
101 1 _arus
102 _aRU
105 _aa z |||||
200 1 _aИзменение животных и растений в домашнем состоянии
_fЧ. Дарвин
_gПер. П.П. Сушкина и Ф.Н. Крашенинникова
_gПод ред. К.А. Тимирязева
_gВновь пересм. проф. Ф.Н. Крашенинниковым и проф. С.Н. Боголюбским
210 _aМосква
_aЛенинград
_cОгиз
_cСельхозгиз
_d1941
215 _a620 с., 1 л. фронт.
_cил., табл.
_d24 см
225 1 _aКлассики естествознания
300 _aНапеч. в Москве
700 1 _8rus
_7ca
_aДарвин
_bЧ. Р.
_f1809-1882
_gЧарлз Роберт
_3RU\NLR\AUTH\7756360
_939292
702 1 _aСушкин
_bП.П.
_4730
702 1 _aКрашенинников
_bФ.Н.
_4730
702 1 _aТимирязев
_bК.А.
_4340
702 1 _aБоголюбский
_bС.Н.
_4570
801 0 _aRU
_bNLR
_gpsbo
801 1 _aRU
_bELAR
_2rusmarc
852 _aNLR
_jБл02 Г-7/5
942 _cBOOK
945 _aРоссийская национальная библиотека
_aЦентральная городская библиотека Нижнего Новгорода
980 _aNB
980 _aBV